Pontificia Universidad Católica de Chile. Centro de Estudios de la Realidad Contemporánea /
محفوظ في:
| المؤلف الرئيسي: | |
|---|---|
| مؤلفون آخرون: | |
| التنسيق: | نص |
| الموضوعات: | |
| الوسوم: |
إضافة وسم
لا توجد وسوم, كن أول من يضع وسما على هذه التسجيلة!
|
MARC
| LEADER | 00000 a a2200000 04500 | ||
|---|---|---|---|
| 001 | 13219 | ||
| 003 | |||
| 040 | |||
| 100 | |a Huneeus, Carlos | ||
| 245 | |a Pontificia Universidad Católica de Chile. Centro de Estudios de la Realidad Contemporánea / |c Carlos Huneeus ; Mauricio Morales | ||
| 650 | |a PARTIDOS POLITICOS | ||
| 650 | |a HISTORIA POLTICA | ||
| 650 | |a DEMOCRATIZACION | ||
| 650 | |a ELECCIONES | ||
| 700 | |a Morales, Mauricio | ||
| 773 | |g número 2; páginas 41-57 | ||
| 999 | |c 38723 |d 38723 | ||
